• 首页
  • 本馆介绍
  • 公告通知
  • 最新文献
  • 馆藏检索
  • 电子资源
  • 读者导购
  • 参考咨询
  • 我的图书馆
  • 登录
  • 详细信息显示
  • 放入我的书架
  • 预约/预借图书
  • 作者相关作品
  • 分类相关作品
  • 丛书相关作品
  • 出版社相关作品

书目信息

  • 表格格式
  • 工作单格式
  • 卡片格式
题名:
中国草业统计
    
 
作者: 李新一 , 王加亭 主编 ;全国畜牧总站 编
分册: 2016  
出版信息: 北京   中国农业出版社  2017.12
页数: 207页
开本: 21cm
丛书名:
单 册:
中图分类: S812.8-66
科图分类:
主题词: 草原资源--统计资料--中国--2016
电子资源:
ISBN: 978-7-109-23678-3
000 00959nam0 2200253 450
001 5595
005 20181016163637.39
010    @a978-7-109-23678-3@dCNY60.00
100    @a20180217d2017 em y0chiy50 ea
101 0  @achi
102    @aCN@b110000
105    @ay z 000yy
200 1  @a中国草业统计@9zhong guo cao ye tong ji@h2016@f全国畜牧总站编
210    @a北京@c中国农业出版社@d2017.12
215    @a207页@d21cm
314    @a主编:李新一、王加亭
330    @a本书是反映2016年我国畜牧业生产情况的统计资料。分8个部分。分别为畜牧业发展综述,综合统计、畜牧业生产统计、畜牧业专业统计、畜产品及饲料价格、中国畜产品进出口统计、世界畜产品生产情况以及世界畜产品进出口情况,
606 0  @a草原资源@x统计资料@y中国@z2016
690    @aS812.8-66@v5
701  0 @a李新一@9li xin yi@4主编
701  0 @a王加亭@9wang jia ting@4主编
712 02 @a全国畜牧总站@9quan guo xu mu zong zhan@4编
801  0 @aCN@b91MARC@c20180217
905    @aMuseLib@dS812.8-66@e190(2016)
    
    中国草业统计.2016/全国畜牧总站编.-北京:中国农业出版社,2017.12
    207页;21cm
    
    
    ISBN 978-7-109-23678-3:CNY60.00
    本书是反映2016年我国畜牧业生产情况的统计资料。分8个部分。分别为畜牧业发展综述,综合统计、畜牧业生产统计、畜牧业专业统计、畜产品及饲料价格、中国畜产品进出口统计、世界畜产品生产情况以及世界畜产品进出口情况,
●
相关链接 在E读中查询图书 在五车中查询图书 在当当中查询图书 在豆瓣中查询图书


正题名:中国草业统计     索取号:S812.8-66/190(2016)         预约/预借

序号 登录号 条形码 馆藏地/架位号 状态 备注
1 1130480   211304809   第二样本阅览室/ [索取号:S812.8-66/190(2016)] 在馆    
2 1130481   211304818   第三借阅区/ [索取号:S812.8-66/190(2016)] 在馆    
3 1130482   211304827   第三借阅区/ [索取号:S812.8-66/190(2016)] 在馆    
4 1130483   211304836   第三借阅区/ [索取号:S812.8-66/190(2016)] 在馆    
5 1130484   211304845   密集书库-生命科学系/ [索取号:S812.8-66/190(2016)] 在馆    
唐山师范学院图书馆 欢迎您!
大连网信软件有限公司© 版权所有